000
00258nam a22001097a 4500
082
_a
005.11 SPE'C
100
_a
SPENCE, RICK
_9
60795
245
_a
CLIPPER PROGRAMMING GUIDE
260
_a
SPENCE, RICK
_b
BPB PUBLICATIONS
_c
1991
300
_a
594P
942
_c
BK
999
_c
570432
_d
570432